000 00517nam a2200157 4500
001 108451
003 ES-MaACL
005 20230906184638.0
007 t|
008 061121s1951 uy r ||||1| spa d
100 1 _aMontero Laviz, Angel.
_982528
245 1 0 _aPerspectiva de una nueva crisis económica mundial y estudio sobre las posibles soluciones tendentes a evitarla /
_cAngel Montero Laviz.
260 _a[Montevideo :
_bMedina,
_c1951]
300 _a262 p. ;
_c20 cm.
852 _aES-MaACL
_jD-6333
_bR.31965
999 _c108451
_d108451